| 000 | 01751nam a2200397Ia 4500 | ||
|---|---|---|---|
| 001 | ebr10744766 | ||
| 003 | CaPaEBR | ||
| 006 | m o u | ||
| 007 | cr cn||||||||| | ||
| 008 | 130312s2013 caua sb 000 0 eng d | ||
| 010 | _z 2013009888 | ||
| 020 | _z0833079964 (pbk. : alk. paper) | ||
| 020 | _z9780833079961 (pbk. : alk. paper) | ||
| 020 | _z9780833079992 (ebook) | ||
| 040 |
_aCaPaEBR _cCaPaEBR |
||
| 035 | _a(OCoLC)830669137 | ||
| 050 | 1 | 4 |
_aRJ506.D47 _bS38 2013eb |
| 082 | 0 | 4 |
_a362.3 _223 |
| 100 | 1 |
_aSchultz, Dana _q(Dana J.) |
|
| 245 | 1 | 0 |
_aTransforming systems for parental depression and early childhood developmental delays _h[electronic resource] : _bfindings and lessons learned from the Helping Families Raise Healthy Children initiative / _cDana Schultz ... [et al.]. |
| 260 |
_aSanta Monica, CA : _bRAND Corporation, _c2013. |
||
| 300 |
_axxix, 166 p. : _bill. |
||
| 500 | _a"Prepared for the Community Care Behavioral Health Organization." | ||
| 500 | _a"RAND Health." | ||
| 504 | _aIncludes bibliographical references (p. 159-166). | ||
| 533 |
_aElectronic reproduction. _bPalo Alto, Calif. : _cebrary, _d2013. _nAvailable via World Wide Web. _nAccess may be limited to ebrary affiliated libraries. |
||
| 610 | 2 | 0 | _aHelping Families Raise Healthy Children (Project) |
| 650 | 0 |
_aCaregivers _xPsychology. |
|
| 650 | 0 | _aDepression, Mental. | |
| 650 | 0 |
_aParents of developmentally disabled children _xServices for. |
|
| 655 | 7 |
_aElectronic books. _2local |
|
| 710 | 2 | _aCommunity Care Behavioral Health Organization. | |
| 710 | 2 | _aRAND Health. | |
| 710 | 2 | _aebrary, Inc. | |
| 856 | 4 | 0 |
_uhttp://site.ebrary.com/lib/rucke/Doc?id=10744766 _zAn electronic book accessible through the World Wide Web; click to view |
| 999 |
_c14042 _d14042 |
||